000 00332nam a2200145Ia 4500
008 150201s1984 xx 000 0 und d
082 _a612.015
_bB1984O
100 _aOTTWAYS
245 _aBIOCHEMISTRY
250 _a4TH
260 _bBAILIERE TINDALL
_aDELHI
_c1984
300 _a1-300
650 _aBIOCHEMISTRY
942 _2ddc
_cBK
999 _c3239
_d3239